2024 Ballon d'Or Placements - Statistics

General Stats
  • This quiz has been taken 18 times
  • The average score is 23 of 30
Answer Stats
Points Club(s) Nationality Player % Correct
432 Man City Norway Erling Haaland
100%
201 Bayern Munich England Harry Kane
100%
917 Real Madrid England Jude Bellingham
100%
1170 Man City Spain Rodri
100%
1129 Real Madrid Brazil Vinicius Junior
100%
28 Aston Villa Argentina Emiliano Martinez
94%
420 PSG France Kylian Mbappe
94%
402 Inter Argentina Lautaro Martinez
94%
157 Man City England Phil Foden
94%
550 Real Madrid Spain Dani Carvajal
88%
291 Real Madrid Germany Toni Kroos
88%
58 Real Madrid Uruguay Federico Valverde
81%
101 Bayer Leverkusen Germany Florian Wirtz
81%
383 Barcelona Spain Lamine Yamal
81%
16 Arsenal Norway Martin Odegaard
81%
82 Atalanta Nigeria Ademola Lookman
75%
2 Bayer Leverkusen Spain Alejandro Grimaldo
69%
13 Real Madrid Germany Antonio Rudiger
69%
14 Arsenal England Bukayo Saka
69%
7 Chelsea England Cole Palmer
69%
5 Arsenal England Declan Rice
69%
60 Bayer Leverkusen Switzerland Granit Xhaka
69%
73 Athletic Bilbao Spain Nico Williams
69%
8 Man City Portugal Ruben Dias
69%
8 Arsenal France William Saliba
69%
86 RB Leipzig Spain Dani Olmo
63%
5 PSG Portugal Vitinha
63%
0 Girona Ukraine Artem Dovbyk
56%
15 Inter Turkiye Hakan Calhanoglu
56%
0 Dortmund Germany Mats Hummels
38%
No matching quizzes found
Score Distribution
Percent of People with Each Score
Percentile by Number Answered
Your Score History
You have not taken this quiz